Responses for Show #4777 - Tuesday, May 17, 2005

2005 Ultimate Tournament of Champions Round 4, game 1.

Contestants

[<< previous game]

Jerome Vered, a writer from Los Angeles, California

Pam Mueller, an entering law student originally from Chicago, Illinois

Frank Spangenberg, a police lieutenant from Douglaston, New York

[next game >>]

Jeopardy! Round responses

THE NIXON LIBRARY
MOVIE: ____ IN THE ____
MED. ABBREV.
COLLECTIBLES
LOGOS & TRADEMARKS
IN THE "GN"OW
    $200 21
(Jerome: Who is Chuck Barris?)
(Alex: [Laughing] That's sort of an inside joke, and I'll react to it.)

Elvis Presley

Jerome
Triple Stumper
    $200 6
Barefoot in the Park

Frank
    $200 13
electrocardiogram

Pam
    $200 26
(Jerome: What's an apron?)

a wristwatch

FrankJerome
    $200 11
Old Spice

Frank
    $200 1
gnus

Frank
    $400 22
(Neil) Armstrong & (Buzz) Aldrin

Jerome
    $400 7
Splendor in the Grass

Frank
    $400 14
do not resuscitate

Jerome
    $400 27
a daguerreotype

Jerome
    $400 12
Chicken of the Sea

Pam
    $400 2
a gnome

Frank
    $600 23
(Pam: What is New York?)

New Jersey

PamJerome
    $600 8
Islands in the Stream

Triple Stumper
    $600 15
prostate

Pam
    $600 28
Fiestaware

Frank
    $3,000 18
Pocket Books

Pam
    $600 3
gnocchi

Frank
    $800 24
the East Room

Jerome
    $800 9
Murder in the First

Pam
    $800 16
density

Jerome
    $800 29
ephemera

Jerome
    $800 19
(Pam: What is Hormel?)

Underwood

PamJerome
    $800 4
gnash & gnaw

Jerome
    $1000 25
Zhou Enlai

Jerome
    $1000 10
Dancer in the Dark

Pam
    $1000 17
leukemia

Pam
    $1000 30
Orrefors

Triple Stumper
    $1000 20
(Jerome: What is Speedo?)
...
(Alex: [*], a longtime leader.)

Jantzen

Jerome
Triple Stumper
    $1000 5
gneiss

Pam

Scores at the first commercial break (after clue 15):

Frank Pam Jerome
$2,000 $4,000 $1,200

Scores at the end of the Jeopardy! Round:

Frank Pam Jerome
$2,800 $6,600 $5,400

Double Jeopardy! Round responses

WORLD HISTORY
JACKS IN THE BOX
NICKNAMES OF NEW YORK CITIES
NOVELS
AIRPORT NAMES
ALLITERATIVE RESPONSES
(Alex: In other words, your response will be an alliteration.)
    $400 6
Alexandria

Jerome
    $400 17
Jack Webb

Frank
    $400 5
Rochester

Jerome
    $400 8
Uncle Tom's Cabin

Pam
    $400 30
Poland

Jerome
    $400 13
Monopoly money

Jerome
    $800 7
Alfred

Pam
    $800 18
Jack Paar

Pam
    $800 1
(Jerome: What is Lake George?)

Lake Placid

Jerome
Triple Stumper
    $800 9
Black and Blue

Pam
    $800 29
(Pam: What is Oahu?)

Maui

PamJerome
    $800 19
the White Whale

Jerome
    $1200 14
Darius the Great

Jerome
    $1200 20
Jack Wagner

Jerome
    $2,000 2
(Alex: Yep. The [*] nickel. I fear you guys might be trying to overcomplicate this category.)

Buffalo

Frank
    $1200 10
(Pam: Who is James Joyce?)
...
(Alex: I have a feeling, Pam, you misspoke, and you wanted to say [*] instead of James Joyce.)
[NOTE: While the show usually omits diacritics from clue texts, in this case, they were displayed on the show.]

Henry James

Pam
Triple Stumper
    $1200 26
General Motors

Jerome
    $1200 23
a Nervous Nellie

Pam
    $1600 15
Tamerlane

Jerome
    $1600 21
Jack LaLanne

Jerome
    $1600 3
Corning

Frank
    $1600 11
Gilead

Triple Stumper
    $3,000 27
(Jerome: Fifteen... two-day total, so let's go $3,000.)
...
(Jerome: All I could think of was Spider Sabich.)
[Laughter from the sparse crowd]
(Alex: He was never Prime Minister of Canada.)

(Pierre Elliott) Trudeau

Jerome
    $1600 24
the first fruits

Pam
    $2000 16
Africanus

Jerome
    $2000 22
Jack Soo

Triple Stumper
    $2000 4
(Alex: [*]. Yes, 1754 meeting there.)

Albany

Frank
    $2000 12
Snow Crash

Pam
    $2000 28
(Frank: What's Mexico?)

Ecuador

Frank
Triple Stumper
    $2000 25
a dead drop

Pam

Scores at the end of the Double Jeopardy! Round:

Frank Pam Jerome
$6,800 $14,200 $19,600

[wagering suggestions for these scores]

Final Jeopardy! Round responses

FAMILIAR PHRASES
(Alex: Frank, even after all these years, you still enjoy that "Think!" music, don't you? I saw you nodding your...)
...
(Alex: At the end of tomorrow's game, of course, we add up the two scores from today and tomorrow to determine our finalist. But as has been the case many times in the past, folks, you know this: a person in a distant third after the first half quite often wins it all. We'll see what happens next time. See you then.)
FrankWhat is The Customer is Always Right?
$6,700
PamWhat is look?
$4,200
JeromeWhat is "The customer is always right".
$3,500
The customer is always right

Final scores:

Frank Pam Jerome
$13,500 $10,000 $23,100

Game dynamics:

Coryat scores:

Frank Pam Jerome
$6,000 $11,800 $18,200
12 R
(including 1 DD),
1 W
16 R
(including 1 DD),
4 W
23 R
(including 1 DD),
4 W

Combined Coryat: $36,000

[game clues] [game scores] [suggest correction]

Game tape date: 2005-04-14
The J! Archive is created by fans, for fans. Scraping, republication, monetization, and malicious use prohibited; this site may use cookies and collect identifying information. See terms. The Jeopardy! game show and all elements thereof, including but not limited to copyright and trademark thereto, are the property of Jeopardy Productions, Inc. and are protected under law. This website is not affiliated with, sponsored by, or operated by Jeopardy Productions, Inc. Join the discussion at JBoard.tv.